000
00314 a2200145 4500
001
64446
020
_a
8532207677
040
_c
Anchieta - Pituba
100
_a
Alencar, José de
240
1
0
_a
A pata da gazela
_l
por
245
1
0
_a
A pata da gazela
300
_a
120
650
4
_a
Ficção brasileira
942
_c
BK
999
_c
64446
_d
64446